Discussion paper No. 48

Uloženo v:
Podrobná bibliografie
Hlavní autor: Mitsuo, Ezaki
Médium: Kniha
Jazyk:Undetermined
Vydáno: Tokyo The Center for Southeast Asian Studies Kyoto University 1972
Témata:
Tagy: Přidat tag
Žádné tagy, Buďte první, kdo otaguje tento záznam!
Thư viện lưu trữ: Trung tâm Học liệu Trường Đại học Cần Thơ
LEADER 00530nam a2200193Ia 4500
001 CTU_97011
008 210402s9999 xx 000 0 und d
082 |a 330.952 
082 |b E99 
100 |a Mitsuo, Ezaki 
245 0 |a Discussion paper No. 48 
245 0 |c Mitsuo Ezaki 
260 |a Tokyo 
260 |b The Center for Southeast Asian Studies Kyoto University 
260 |c 1972 
650 |a Economic statistics,Finance 
650 |z Japan 
904 |i Năm 
980 |a Trung tâm Học liệu Trường Đại học Cần Thơ